[Event "Collado Villalba Grupo Gallinero op 1st"]
[Site "Collado Villalba"]
[Date "2022.08.13"]
[Round "3"]
[White "Alonso Abad, Enrique"]
[Black "Hernando Pertierra, Jose Carlos"]
[Result "0-1"]
[WhiteElo "1947"]
[BlackElo "2270"]
[PlyCount "86"]
[EventDate "2022.08.12"]
[EventType "swiss"]
[EventRounds "9"]
[EventCountry "ESP"]
[SourceTitle "CBM 210 Extra"]
[Source "ChessBase"]
[SourceDate "2022.11.30"]
[SourceVersion "1"]
[SourceVersionDate "2022.11.30"]
[SourceQuality "1"]

1. e4 d5 2. exd5 Nf6 3. Bb5+ Bd7 4. Bc4 b5 5. Bb3 Bg4 6. Nf3 Nxd5 7. d4 e6 8. Qd3 c6 9. c3 Nd7 10. 0-0 Bd6 11. Re1 0-0 12. Ne5 Bf5 13. Qf3 Qc7 14. Nxd7 Qxd7 15. Nd2 Qc7 16. h3 Nf6 17. Nf1 c5 18. dxc5 Bxc5 19. Bf4 Qb6 20. Be3 a5 21. a4 bxa4 22. Bxc5 Qxc5 23. Bxa4 Rab8 24. b3 Nd5 25. Ne3 Rfc8 26. Nxf5 exf5 27. Qxf5 g6 28. Qe5 Nxc3 29. Qxc5 Rxc5 30. Re7 Rb6 31. Ra7 Ne2+ 32. Kh2 Nd4 33. Be8 Rf5 34. f3 Nxb3 35. Rb1 Rb4 36. Re1 h5 37. Re2 Rbf4 38. Bd7 Rf6 39. Re1 Kg7 40. Rb7 Nc5 41. Ra7 Nxd7 42. Rxd7 Ra6 43. Re3 a4 0-1

[Event "Collado Villalba Grupo Gallinero op 1st"]
[Site "Collado Villalba"]
[Date "2022.08.12"]
[Round "1"]
[White "Moreno Sabroso, Ruben"]
[Black "Alonso Abad, Enrique"]
[Result "1/2-1/2"]
[WhiteElo "1457"]
[BlackElo "1947"]
[PlyCount "61"]
[EventDate "2022.08.12"]
[EventType "swiss"]
[EventRounds "9"]
[EventCountry "ESP"]
[SourceTitle "CBM 210 Extra"]
[Source "ChessBase"]
[SourceDate "2022.11.30"]
[SourceVersion "1"]
[SourceVersionDate "2022.11.30"]
[SourceQuality "1"]

1. e4 c5 2. Nf3 Nc6 3. d4 cxd4 4. Nxd4 e5 5. Nb3 Nf6 6. Nc3 Bb4 7. Bd3 d5 8. Nd2 d4 9. Ne2 0-0 10. 0-0 Bg4 11. f3 Be6 12. Ng3 h5 13. Nc4 h4 14. Ne2 Nd7 15. a3 Be7 16. f4 exf4 17. Nxf4 b5 18. Nd2 a6 19. Qh5 Nce5 20. Nxe6 fxe6 21. Qe2 Bg5 22. Nf3 Nxf3+ 23. Rxf3 Rxf3 24. Qxf3 Bxc1 25. Rxc1 Qg5 26. Rf1 Rf8 27. Qe2 Rxf1+ 28. Qxf1 h3 29. g3 Qg4 30. Qe2 Qg5 31. Qf1 1/2-1/2

[Event "Madrid-ch Seniors 50"]
[Site "Madrid"]
[Date "2020.01.22"]
[Round "8"]
[White "Lopez de Turiso, Jose Angel"]
[Black "Alonso Abad, Enrique"]
[Result "1/2-1/2"]
[WhiteElo "1893"]
[BlackElo "2002"]
[PlyCount "128"]
[EventDate "2020.01.13"]
[EventType "swiss"]
[EventRounds "9"]
[EventCountry "ESP"]
[SourceTitle "CBM 194 Extra"]
[Source "ChessBase"]
[SourceDate "2020.03.31"]
[SourceVersion "1"]
[SourceVersionDate "2020.03.31"]
[SourceQuality "1"]

1. e4 e6 2. d4 d5 3. Nc3 Nf6 4. Bg5 Be7 5. e5 Nfd7 6. Bxe7 Qxe7 7. f4 0-0 8. Nf3 c5 9. dxc5 Nc6 10. Bd3 f6 11. exf6 Qxf6 12. g3 Nxc5 13. Qd2 Nxd3+ 14. Qxd3 Nb4 15. Qd2 Bd7 16. a3 Nc6 17. 0-0 Be8 18. Rfe1 Bg6 19. Ne5 Nxe5 20. Rxe5 Bf5 21. Rae1 Rac8 22. Rc1 Qg6 23. Re2 Bg4 24. Rf2 h5 25. Nb5 h4 26. Nd4 hxg3 27. hxg3 Bf5 28. Nxf5 Rxf5 29. Qd3 Qg4 30. Kg2 Rc4 31. Qe2 Rfxf4 32. Qxg4 Rxg4 33. Rcf1 Rc7 34. Rf8+ Kh7 35. c3 Re4 36. Kf3 Kg6 37. Rh1 a5 38. Rh2 b5 39. Re2 Rxe2 40. Kxe2 b4 41. axb4 axb4 42. Kd3 bxc3 43. bxc3 Rc4 44. Rf3 e5 45. Kd2 e4 46. Rf8 Kg5 47. Rd8 Rc5 48. Rd6 g6 49. Rd8 Kg4 50. Rg8 g5 51. Rg7 Ra5 52. Ke3 Ra1 53. c4 Ra3+ 54. Kd4 Rd3+ 55. Ke5 e3 56. Kf6 Kxg3 57. Rxg5+ Kf2 58. Rf5+ Ke2 59. cxd5 Kd2 60. Ke6 e2 61. Rf2 Re3+ 62. Kd7 Kd3 63. Rxe2 Rxe2 64. d6 Kd4 1/2-1/2

[Event "Madrid Tajamar Easter op-A"]
[Site "Madrid"]
[Date "2018.03.26"]
[Round "6"]
[White "Alonso Abad, Enrique"]
[Black "Elissalt Cardenas, Hector"]
[Result "0-1"]
[WhiteElo "1927"]
[BlackElo "2329"]
[PlyCount "106"]
[EventDate "2018.03.22"]
[EventType "swiss"]
[EventRounds "7"]
[EventCountry "ESP"]
[SourceTitle "EXT 2019"]
[Source "ChessBase"]
[SourceDate "2018.10.10"]
[SourceVersion "1"]
[SourceVersionDate "2018.10.10"]
[SourceQuality "1"]

1. d4 Nf6 2. Nf3 e6 3. Bf4 b6 4. e3 Bb7 5. Bd3 h6 6. 0-0 d6 7. h3 g5 8. Bg3 Nbd7 9. Nbd2 Rg8 10. e4 Nh5 11. e5 Nxg3 12. fxg3 dxe5 13. Be4 c6 14. Nc4 Qc7 15. Nfxe5 Nxe5 16. Nxe5 Rg7 17. Nxf7 g4 18. Ne5 0-0-0 19. hxg4 Bc5 20. Nf3 Qxg3 21. Qe2 Rxd4 22. Nxd4 Bxd4+ 23. Rf2 Rxg4 24. Bf3 Bxf2+ 25. Qxf2 Qxf2+ 26. Kxf2 Rg6 27. Rd1 Rf6 28. Ke3 Kc7 29. Rd4 c5 30. Rg4 Bxf3 31. gxf3 a6 32. Ke4 Kd6 33. Rg8 Rf5 34. c4 Re5+ 35. Kd3 h5 36. Rh8 Rg5 37. Rb8 Kc7 38. Re8 h4 39. Rxe6 Rh5 40. Re2 Kd6 41. f4 h3 42. Rh2 Ke6 43. Ke3 Rh4 44. Kf3 Kf5 45. Kg3 Rh8 46. b3 b5 47. Kf3 Rd8 48. Ke3 Kg4 49. Ke4 Kg3 50. Re2 Rd4+ 51. Ke5 Rxf4 52. Rd2 Rd4 53. Re2 h2 0-1

[Event "Madrid Tajamar Easter op-A"]
[Site "Madrid"]
[Date "2018.03.22"]
[Round "1"]
[White "Alonso Abad, Enrique"]
[Black "Villar Reymundo, Juan Antonio"]
[Result "1/2-1/2"]
[WhiteElo "1927"]
[BlackElo "2206"]
[PlyCount "65"]
[EventDate "2018.03.22"]
[EventType "swiss"]
[EventRounds "7"]
[EventCountry "ESP"]
[SourceTitle "EXT 2019"]
[Source "ChessBase"]
[SourceDate "2018.10.10"]
[SourceVersion "1"]
[SourceVersionDate "2018.10.10"]
[SourceQuality "1"]

1. d4 Nf6 2. Nf3 g6 3. Bf4 Bg7 4. e3 d6 5. h3 b6 6. Be2 Bb7 7. c4 c5 8. 0-0 0-0 9. Nc3 cxd4 10. exd4 d5 11. Nb5 Nc6 12. Rc1 dxc4 13. Bxc4 Rc8 14. Re1 a6 15. Nc3 b5 16. Bf1 Nd5 17. Nxd5 Qxd5 18. a4 Qf5 19. Qd2 Rfd8 20. Bd3 Qf6 21. Bg5 Qd6 22. Be4 Bf6 23. axb5 axb5 24. Bxf6 Qxf6 25. Qe3 e6 26. Ne5 Na5 27. Bxb7 Nxb7 28. Rxc8 Rxc8 29. Rc1 Rxc1+ 30. Qxc1 Qd8 31. Qc6 Nd6 32. d5 exd5 33. Qxd5 1/2-1/2

[Event "Madrid Chamartin op 6th"]
[Site "Madrid"]
[Date "2017.09.05"]
[Round "2"]
[White "Fernandez Alvarez, Luis"]
[Black "Alonso Abad, Enrique"]
[Result "1-0"]
[WhiteElo "2088"]
[BlackElo "1923"]
[PlyCount "95"]
[EventDate "2017.09.04"]
[EventType "swiss"]
[EventRounds "9"]
[EventCountry "ESP"]
[SourceTitle "CBM 180 Extra"]
[Source "ChessBase"]
[SourceDate "2017.10.06"]
[SourceVersion "1"]
[SourceVersionDate "2017.10.06"]
[SourceQuality "1"]

1. e4 e6 2. d4 d5 3. Nc3 Nf6 4. Bg5 Be7 5. e5 Nfd7 6. Bxe7 Qxe7 7. Qg4 f6 8. exf6 Nxf6 9. Qh4 Nc6 10. 0-0-0 Bd7 11. Nf3 0-0-0 12. Bb5 h6 13. Bxc6 Bxc6 14. Ne5 g5 15. Qh3 g4 16. Qh4 Qg7 17. Rhe1 Rd6 18. Re3 Be8 19. h3 h5 20. Kb1 Ng8 21. hxg4 Nh6 22. Rh3 hxg4 23. Nxg4 Nf7 24. Qg3 Rxh3 25. gxh3 Qg6 26. Re1 Ng5 27. Ne5 Qf5 28. h4 Ne4 29. Nxe4 dxe4 30. Qe3 Bh5 31. Rg1 Rd8 32. Rg7 c5 33. c3 Bf3 34. a3 Qh3 35. Ka2 Qf1 36. h5 Bd1 37. Qxe4 Qb5 38. h6 Bb3+ 39. Ka1 cxd4 40. c4 Bc2 41. Qg2 Qb3 42. f4 d3 43. Qd2 Qb6 44. h7 Bb3 45. Rg8 Bxc4 46. h8Q Qb3 47. Rxd8+ Kc7 48. Rc8+ 1-0

[Event "Mostoles op 7th"]
[Site "Mostoles "]
[Date "2014.07.19"]
[Round "4"]
[White "Alonso Abad, Enrique"]
[Black "Sanchez Naranjo, Jose Manuel"]
[Result "1/2-1/2"]
[WhiteElo "1939"]
[BlackElo "2133"]
[PlyCount "41"]
[EventDate "2014.07.16"]
[EventType "swiss"]
[EventRounds "9"]
[EventCountry "ESP"]
[SourceTitle "EXT 2015"]
[Source "ChessBase"]
[SourceDate "2014.11.20"]
[SourceVersion "1"]
[SourceVersionDate "2014.11.20"]
[SourceQuality "1"]

1. d4 Nf6 2. c4 g6 3. Nf3 Bg7 4. g3 0-0 5. Bg2 d6 6. 0-0 Nc6 7. d5 Nb8 8. Nc3 c5 9. Qc2 e5 10. a3 Nbd7 11. Rb1 Qe7 12. b4 b6 13. Na4 Bb7 14. bxc5 Nxc5 15. Nxc5 dxc5 16. Ng5 h6 17. Nh3 Rad8 18. f4 Ba6 19. e4 Ng4 20. f5 g5 21. Nf2 1/2-1/2

[Event "Madrid San Viator op 22nd"]
[Site "Madrid"]
[Date "2014.05.18"]
[Round "7"]
[White "Alonso Abad, Enrique"]
[Black "Del Noval Nemeshazi, Nesztor"]
[Result "1-0"]
[WhiteElo "1917"]
[BlackElo "1430"]
[PlyCount "47"]
[EventDate "2014.03.23"]
[EventType "swiss"]
[EventRounds "9"]
[EventCountry "ESP"]
[SourceTitle "EXT 2015"]
[Source "ChessBase"]
[SourceDate "2014.11.20"]
[SourceVersion "1"]
[SourceVersionDate "2014.11.20"]
[SourceQuality "1"]

1. d4 Nf6 2. c4 g6 3. Nf3 Bg7 4. g3 d5 5. cxd5 Nxd5 6. e4 Nb6 7. Nc3 0-0 8. Bg2 Nc6 9. d5 Ne5 10. Nxe5 Bxe5 11. 0-0 e6 12. a4 a5 13. Bh6 Bg7 14. Bxg7 Kxg7 15. Qd4+ Kg8 16. Rfd1 exd5 17. exd5 Nd7 18. Nb5 Ra6 19. Rac1 Qf6 20. Rxc7 Qxd4 21. Rxd4 Rd8 22. d6 Kf8 23. Bxb7 Bxb7 24. Rxb7 1-0

[Event "Madrid San Viator op 22nd"]
[Site "Madrid"]
[Date "2014.05.11"]
[Round "6"]
[White "Sanchez Rodenas, Jose Antonio"]
[Black "Alonso Abad, Enrique"]
[Result "0-1"]
[WhiteElo "1738"]
[BlackElo "1917"]
[PlyCount "104"]
[EventDate "2014.03.23"]
[EventType "swiss"]
[EventRounds "9"]
[EventCountry "ESP"]
[SourceTitle "EXT 2015"]
[Source "ChessBase"]
[SourceDate "2014.11.20"]
[SourceVersion "1"]
[SourceVersionDate "2014.11.20"]
[SourceQuality "1"]

1. d4 Nf6 2. c4 c5 3. d5 e6 4. Nc3 exd5 5. cxd5 d6 6. e4 a6 7. a4 g6 8. Nf3 Bg7 9. Be2 Bg4 10. h3 Bxf3 11. Bxf3 0-0 12. Bf4 Re8 13. 0-0 Qc7 14. Re1 Nbd7 15. Rc1 Ne5 16. Bxe5 Rxe5 17. Qc2 Rae8 18. g3 Nd7 19. Bg2 f5 20. f4 R5e7 21. Kf1 Bxc3 22. bxc3 fxe4 23. Bxe4 Nf6 24. Bf3 c4 25. Qf2 Ne4 26. Bxe4 Rxe4 27. Rxe4 Rxe4 28. Re1 Qe7 29. Rxe4 Qxe4 30. Qe2 Qxd5 31. Qe8+ Kg7 32. Qe7+ Kh6 33. Qf8+ Kh5 34. Qf6 Qf3+ 35. Ke1 Qxg3+ 36. Kd2 Qf2+ 37. Kd1 Qc5 38. Qe7 Qg1+ 39. Ke2 Qh2+ 40. Kd1 Qh1+ 41. Ke2 Qg2+ 42. Kd1 Qxh3 43. Kc2 Qd3+ 44. Kb2 Qd2+ 45. Kb1 Qd1+ 46. Kb2 Qb3+ 47. Kc1 Qxc3+ 48. Kb1 Qd3+ 49. Kc1 h6 50. Qe6 Qf1+ 51. Kc2 Qxf4 52. Qd5+ Qf5+ 0-1

[Event "Madrid San Viator op 22nd"]
[Site "Madrid"]
[Date "2014.04.13"]
[Round "4"]
[White "Franco Rincon, David"]
[Black "Alonso Abad, Enrique"]
[Result "1/2-1/2"]
[WhiteElo "1685"]
[BlackElo "1917"]
[PlyCount "117"]
[EventDate "2014.03.23"]
[EventType "swiss"]
[EventRounds "9"]
[EventCountry "ESP"]
[SourceTitle "EXT 2015"]
[Source "ChessBase"]
[SourceDate "2014.11.20"]
[SourceVersion "1"]
[SourceVersionDate "2014.11.20"]
[SourceQuality "1"]

1. b4 c6 2. Bb2 Qb6 3. a3 a5 4. c4 axb4 5. c5 Qc7 6. axb4 Rxa1 7. Bxa1 d6 8. d4 Nf6 9. Nf3 g6 10. e3 Bg7 11. Be2 0-0 12. 0-0 Nbd7 13. Nbd2 Nd5 14. Qb3 b5 15. cxb6 N7xb6 16. Rc1 Qa7 17. Bb2 Qa4 18. b5 Qxb3 19. Nxb3 Na4 20. Ba1 cxb5 21. Bxb5 Nab6 22. Nfd2 Bd7 23. Be2 Ra8 24. e4 Nf4 25. Bf1 Ra2 26. g3 Nh3+ 27. Kg2 h5 28. Rc7 Ng5 29. Kg1 Nh3+ 30. Kg2 Bh6 31. f4 g5 32. Rxd7 Nxd7 33. Kxh3 gxf4 34. gxf4 Bxf4 35. Bc3 Bxd2 36. Nxd2 Ra3 37. Nb1 Rb3 38. Bd3 Nf6 39. Bc2 Rb7 40. Kg3 d5 41. exd5 Nxd5 42. Bd2 Rb2 43. Na3 Ra2 44. Bc1 Nc3 45. Kf3 Nb5 46. Nxb5 Rxc2 47. Bf4 Rb2 48. Nc7 Rb1 49. Bg3 e6 50. Ne8 Kh7 51. Nd6 Kg6 52. Ne4 Rb4 53. Ke3 Rb3+ 54. Ke2 Ra3 55. Kf2 Rd3 56. Be5 Ra3 57. Ke2 Rb3 58. Kf2 Ra3 59. Ke2 1/2-1/2

[Event "Madrid Anticrisis op"]
[Site "Madrid"]
[Date "2009.03.12"]
[Round "4"]
[White "Martin Consuegra, Barrilero Javier"]
[Black "Alonso Abad, Enrique"]
[Result "0-1"]
[WhiteElo "1894"]
[BlackElo "2074"]
[PlyCount "114"]
[EventDate "2009.03.03"]
[EventType "swiss"]
[EventRounds "9"]
[EventCountry "ESP"]
[SourceTitle "CBM 129 Extra"]
[Source "ChessBase"]
[SourceDate "2009.05.05"]
[SourceVersion "2"]
[SourceVersionDate "2009.05.20"]
[SourceQuality "1"]

1. d4 d5 2. Nf3 Nf6 3. Bf4 c5 4. c3 e6 5. e3 Nc6 6. Be2 Qb6 7. Qb3 Qxb3 8. axb3 Bd7 9. Nbd2 Be7 10. 0-0 0-0 11. dxc5 Bxc5 12. b4 Bb6 13. Nb3 Ne4 14. Ne5 Nxe5 15. Bxe5 f6 16. Bd4 Bxd4 17. exd4 e5 18. f3 Nd6 19. dxe5 fxe5 20. Rfd1 Bc6 21. Nc5 Rfe8 22. b5 Nxb5 23. Bxb5 Bxb5 24. Rxd5 Bc6 25. Rd6 Rad8 26. Rad1 Rxd6 27. Rxd6 Kf7 28. Kf2 Re7 29. Ke3 Rc7 30. Ne4 Ke7 31. Rd2 h6 32. h4 a5 33. g4 Rd7 34. Rxd7+ Kxd7 35. f4 exf4+ 36. Kxf4 Ke6 37. Nd2 g6 38. g5 h5 39. Nc4 a4 40. Ne5 Be8 41. c4 Kd6 42. Nd3 Bd7 43. Ne5 Bf5 44. Nf7+ Kc5 45. Ke5 Bc2 46. Nd6 b6 47. Nb5 Kxc4 48. Na3+ Kb3 49. Nxc2 Kxc2 50. Kf6 Kxb2 51. Kxg6 a3 52. Kxh5 a2 53. g6 a1Q 54. Kh6 Qc1+ 55. Kh7 Qh1 56. Kg8 Qxh4 57. g7 Kc3 0-1

[Event "Villarrobledo op 23rd"]
[Site "Villarrobledo"]
[Date "2008.08.02"]
[Round "1"]
[White "Alonso Abad, Enrique"]
[Black "Mamedyarov, Shakhriyar"]
[Result "0-1"]
[WhiteElo "2074"]
[BlackElo "2742"]
[PlyCount "58"]
[EventDate "2008.08.02"]
[EventType "swiss (rapid)"]
[EventRounds "9"]
[EventCountry "ESP"]
[SourceTitle "CBM 126 Extra"]
[Source "ChessBase"]
[SourceDate "2008.11.05"]
[SourceVersion "1"]
[SourceVersionDate "2008.11.05"]
[SourceQuality "1"]

1. Nf3 Nf6 2. g3 g6 3. Bg2 Bg7 4. 0-0 0-0 5. c4 d5 6. cxd5 Nxd5 7. Nc3 Nb6 8. d4 Nc6 9. e3 Re8 10. Qe2 e5 11. d5 Nxd5 12. Nxd5 Qxd5 13. Rd1 Qe6 14. h3 e4 15. Ng5 Qf5 16. h4 h6 17. Nh3 Ne5 18. Nf4 Nf3+ 19. Kh1 g5 20. Rd5 Be5 21. Bh3 Qf6 22. hxg5 hxg5 23. Nh5 Qh6 24. g4 c6 25. Rd1 f5 26. Qc4+ Be6 27. Qf1 fxg4 28. Ng3 Bxg3 29. fxg3 Rad8 0-1

[Event "Madrid op"]
[Site "Madrid"]
[Date "2006.10.21"]
[Round "5"]
[White "Alonso Abad, Enrique"]
[Black "Prieto Honorato, Jose Carlos"]
[Result "1-0"]
[WhiteElo "2132"]
[BlackElo "1971"]
[PlyCount "93"]
[EventDate "2006.10.06"]
[EventType "swiss"]
[EventRounds "9"]
[EventCountry "ESP"]
[SourceTitle "EXT 2007"]
[Source "ChessBase"]
[SourceDate "2006.11.23"]
[SourceVersion "1"]
[SourceVersionDate "2006.11.23"]
[SourceQuality "1"]

1. d4 d6 2. Nf3 g6 3. g3 Bg7 4. Bg2 Nf6 5. 0-0 0-0 6. c4 c5 7. d5 a6 8. Nc3 Nbd7 9. a4 Rb8 10. Qc2 Ng4 11. h3 Nge5 12. Nd2 Nb6 13. b3 e6 14. a5 Na8 15. Bb2 exd5 16. Nxd5 Nc7 17. f4 Nxd5 18. cxd5 Nd7 19. Bxg7 Kxg7 20. f5 gxf5 21. Qxf5 Ne5 22. Qh5 h6 23. Nc4 Nxc4 24. bxc4 Qg5 25. Qxg5+ hxg5 26. Rab1 f5 27. Rb6 Rd8 28. h4 gxh4 29. gxh4 Kf6 30. e3 Ke5 31. Kf2 Rg8 32. Bf3 Rg6 33. h5 Rf6 34. Rh1 f4 35. h6 fxe3+ 36. Kxe3 Bf5 37. h7 Rff8 38. Rh5 Kf6 39. Rxd6+ Ke7 40. Rdh6 Bxh7 41. Rxh7+ Kd8 42. R5h6 Re8+ 43. Re6 Rxe6+ 44. dxe6 b5 45. axb6 Rxb6 46. e7+ Kd7 47. Bg4+ 1-0

[Event "Madrid"]
[Site "Madrid"]
[Date "2006.02.21"]
[Round "7"]
[White "Alonso Abad, Enrique"]
[Black "Ruiz Quevedo, Andres"]
[Result "1-0"]
[WhiteElo "2014"]
[BlackElo "1922"]
[PlyCount "37"]
[EventDate "2006.01.31"]
[EventType "tourn"]
[EventRounds "9"]
[EventCountry "ESP"]
[SourceTitle "EXT 2007"]
[Source "ChessBase"]
[SourceDate "2006.11.23"]
[SourceVersion "1"]
[SourceVersionDate "2006.11.23"]
[SourceQuality "1"]

1. Nf3 c5 2. g3 Nf6 3. Bg2 e6 4. c4 Be7 5. 0-0 Qc7 6. Nc3 a6 7. d3 0-0 8. Bf4 d6 9. a3 Nbd7 10. b4 cxb4 11. axb4 b5 12. Nxb5 Qb8 13. Nfd4 Bb7 14. Nc6 Bxc6 15. Bxc6 Qb6 16. Bxa8 Rxa8 17. Qa4 d5 18. c5 Qd8 19. Nd4 1-0

[Event "Madrid"]
[Site "Madrid"]
[Date "2006.02.16"]
[Round "6"]
[White "Tejedo Meneses, Alvaro"]
[Black "Alonso Abad, Enrique"]
[Result "0-1"]
[WhiteElo "2022"]
[BlackElo "2014"]
[PlyCount "84"]
[EventDate "2006.01.31"]
[EventType "tourn"]
[EventRounds "9"]
[EventCountry "ESP"]
[SourceTitle "EXT 2007"]
[Source "ChessBase"]
[SourceDate "2006.11.23"]
[SourceVersion "1"]
[SourceVersionDate "2006.11.23"]
[SourceQuality "1"]

1. e4 e6 2. d4 d5 3. Nc3 Nf6 4. Bg5 Bb4 5. e5 h6 6. Bd2 Bxc3 7. bxc3 Ne4 8. Qg4 Kf8 9. h4 c5 10. Bd3 Nxd2 11. Kxd2 Nc6 12. Rh3 c4 13. Be2 Bd7 14. Qf4 b5 15. Bh5 Be8 16. Ne2 a5 17. g4 b4 18. Rf3 Ra7 19. Rh1 Qb6 20. Rhh3 b3 21. axb3 cxb3 22. cxb3 Qxb3 23. Bg6 a4 24. Rh1 a3 25. Bc2 Qb5 26. Rb1 Qa5 27. Ke1 Qd8 28. Rh3 Na5 29. Nc1 Rb7 30. Rxb7 Nxb7 31. Nb3 Ba4 32. Qc1 Qe7 33. h5 Ke8 34. Rh1 Kd7 35. Na5 Nxa5 36. Bxa4+ Kc7 37. Ke2 Rb8 38. Kf3 a2 39. Qa1 Qa3 40. Bc2 Rb2 41. Rc1 Nb3 42. Bxb3 Qxb3 0-1